Indexy cien dodávok výrobkov a služieb do poľnohospodárstva v SR za 4. štvrťrok 1997

Gespeichert in:
Bibliographische Detailangaben
Format: Buch
Sprache:Slowakisch
Veröffentlicht: Bratislava Štatistický úrad Slovenskej republiky 1998
Schlagworte:
Tags: Tag hinzufügen
Keine Tags, Fügen Sie das erste Tag hinzu!

MARC

LEADER 00000nam a2200000 4500
001 c100395
005 20251124134943.5
041 0 |a slo 
044 |a SK 
245 1 0 |a Indexy cien dodávok výrobkov a služieb do poľnohospodárstva v SR za 4. štvrťrok 1997 
264 1 |a Bratislava  |b Štatistický úrad Slovenskej republiky  |c 1998 
300 |a 4 s. 
610 2 0 |a Slovensko 
610 2 0 |a poľnohospodárstvo 
610 2 0 |a výrobky 
610 2 0 |a služby 
610 2 0 |a dodávky 
610 2 0 |a indexy cenové